| 000 | 00775nam a2200241 a 4500 | ||
|---|---|---|---|
| 001 | 79641 | ||
| 003 | BD-RjUL | ||
| 005 | 20220330161334.0 | ||
| 008 | 220330s1965 ie b 000 0 eng | ||
| 035 | _a(BD-RjUL)79641 | ||
| 040 |
_aDLC _cScU _dOCoLC _dOTU _dUk _dDLC _beng |
||
| 041 | _aeng | ||
| 082 |
_223 _a822.91 _bCLW 1965 |
||
| 100 | 1 |
_aClark, David R. _92160 |
|
| 245 | 1 | 0 |
_aW.B. Yeats and the theatre of desolate reality / _c[by] David R. Clark. |
| 260 |
_aDublin : _bDolmen Press, _c1965 |
||
| 300 |
_a125 p.; _c21 cm. |
||
| 500 | _aRevision of the author's thesis, Yale University. | ||
| 504 | _aBibliography: p. 123-125. | ||
| 600 | 1 | 0 |
_aYeats, W. B. _q(William Butler), _d1865-1939 _xDramatic works. _92161 |
| 650 | 0 |
_aRealism in literature _92162 |
|
| 942 |
_2ddc _cBK |
||
| 999 |
_c79641 _d79641 |
||